| 000 | 01007nam a22003017a 4500 | ||
|---|---|---|---|
| 001 | 3594 | ||
| 003 | FISKH | ||
| 005 | 20250703102837.0 | ||
| 008 | 240321b cb ||||| |||| 00| 0 eng d | ||
| 020 | _a9780590040624 | ||
| 040 |
_aFISKH _beng _cFISKH _dFISKH |
||
| 050 | _aPZ7.R982 | ||
| 082 | _a176 | ||
| 100 |
_aRylant , Cynthia _eauthor |
||
| 245 |
_aHenry and Mudge and the funny lunch / _cStory by Cynthia Rylant ; illustrated by Carolyn Bracken in the style of Sucie Stevenson |
||
| 250 | _aFirst Scholastic , April 2005 | ||
| 260 |
_aNew York : _bScholastic , _c2004 |
||
| 300 |
_a40 pages : _bcolor illustrations ; _c24 cm . |
||
| 490 | _a Henry and Mudge | ||
| 505 | _aJ | ||
| 520 | _aMudge looks forward to the Mother's Day surprise that Henry and his father cook up for Henry's mother. | ||
| 521 | 8 |
_a490
_bLexile |
|
| 521 | 8 |
_aJ
_bRaz-Plus |
|
| 650 |
_aMother's Day _vFiction |
||
| 700 |
_aBracken , Carlyn _eillustrator |
||
| 942 |
_2ddc _cBK _n0 |
||
| 999 |
_c3594 _d3594 |
||